Trenčianske Teplice

Podrobná bibliografia
Korporatívny autor: Slovenské liečebné kúpele (Trenčianske Teplice, Slovensko) (Autor)
Ďalší autori: Veliký, M. (Fotograf)
Médium: Kniha
Jazyk:slovenčina
Fyzický popis:1 pohľadnica farebný ofset, 5 čiastkových pohľadov 10x15 cm
Vydavateľské údaje: [S.l.] Panorama [1960]
Predmet:

MARC

LEADER 00000nam a2200000 a 4500
001 vtls001399990
003 SK-MaSNL
005 20260301120035.0
008 210928s1980 xo 0 slo
020 |c 2,00 Sk 
035 |a SNK000354461 
040 |a SNK  |b slo  |c SNK  |e AACR2 
041 0 |a slo 
044 |a xo  |c SK 
080 |a 779  |2 2. slo 
110 2 |a Slovenské liečebné kúpele (Trenčianske Teplice, Slovensko)  |4 aut  |9 101072 
245 1 |a Trenčianske Teplice  |h grafika  |c foto: M. Veliký 
260 |a [S.l.]  |b Panorama  |c [1960] 
300 |c 1 pohľadnica  |b farebný ofset, 5 čiastkových pohľadov  |c 10x15 cm 
610 2 7 |a Trenčianske Teplice (Slovensko : kúpele)  |2 SNK  |9 187705 
650 0 7 |a pohľadnice  |z Trenčianske Teplice (Slovensko:kúpele)  |2 SNK  |9 295415 
700 1 |a Veliký, M.  |4 pht  |9 386294 
958 |a OND 
999 |c 724462  |d 726392 
952 |t P60, <04>, [BOOK], {604}  |a SNK  |b SNK  |y PREZ  |7 0  |o snkSP 150241  |i snkPV 1734/2000  |0 0  |1 0  |4 0  |d 2000-11-09  |l 0  |r 2005-01-02 00:00:00  |w 2026-02-23